| 000 | 01844nam a22001577a 4500 | ||
|---|---|---|---|
| 041 | _aukr | ||
| 080 | _a09 | ||
| 090 | _bНЕД | ||
| 100 | _aНедашківська, І. С. | ||
| 245 | _aЕтнолінгвістичний аналіз лексико-семантичного поля на позначенні "родинні звязки, сімя, шлюбні традиції" в англійській мові | ||
| 260 |
_aОстрог _bКАФ _c2014 |
||
| 300 | _a73 | ||
| 520 |
_aВступ.
Розділ ІІ. Основні поняття етнолінгвістики та лексико-семантичного поля.
1.1. Поняття етнолінгвістики, її функції
1.2. Поняття ЛСП, його завдання та функції
Розділ ІІ. Лексичні та фразеологічні одиниці лексико-семантичного поля у "родинні звязки, сімя, шлюбні традиції".
2.1. Етнолінгвістичне розуміння поняття "сімя" та особливості відображення коннотативного впливу у мові
2.2. Лексико-семантичний аналіз лексичних та фразеологічних одиниць на позначенні поняття "родинні звязки" в англійському етносі
2.3. Лексичні одиниці на позначенні "шлюбні традицій та звичаїв" англійців
2.4. Метафоричні засоби вираження "родинні звязки"
Висновки.
Список використаних джерел.
Додатки. _0етнолінгвістика, лексична одиниця |
||
| 650 | _aResearch Papers | ||
| 999 |
_c285465 _d285465 |
||
| 942 | _cBK | ||